[Event "IECC CL6-1999.03"]
[Site "IECC email"]
[Date "1998.12.12"]
[Round "?"]
[White "Spencer, Cecily"]
[Black "Gibson, Robert"]
[Result "1-0"]
[WhiteElo "1329"]
[BlackElo "1276"]
[PlyCount "103"]
[EventDate "1999.??.??"]
[EventType "tourn (corr)"]
[EventRounds "4"]
[SourceTitle "Corr 2008"]
[Source "ChessBase"]
[SourceDate "2008.06.24"]
[SourceVersion "1"]
[SourceVersionDate "2008.06.24"]
[SourceQuality "1"]

1. e4 d6 2. d4 Nf6 3. Nc3 g6 4. Nf3 Bg7 5. Bc4 0-0 6. 0-0 Bg4 7. Be2 Nc6 8. Bg5 Bxf3 9. Bxf3 e5 10. d5 Nd4 11. Be3 Nxf3+ 12. Qxf3 Qd7 13. Bh6 Qg4 14. Qxg4 Nxg4 15. Bxg7 Kxg7 16. h3 Nf6 17. f4 exf4 18. Rxf4 c6 19. dxc6 bxc6 20. Raf1 Nd7 21. Rd1 Ne5 22. Rxd6 Rad8 23. Rxd8 Rxd8 24. Rf2 Nc4 25. b3 Na3 26. g4 Nb5 27. Nxb5 cxb5 28. Kg2 Rd4 29. Re2 b4 30. Kf3 Kf6 31. h4 Ke5 32. g5 a5 33. Re3 Rd2 34. Rd3 Rxc2 35. Rd5+ Ke6 36. Rxa5 Rh2 37. Kg3 Re2 38. Kf3 Rh2 39. Ra6+ Ke5 40. Rb6 Rxa2 41. Rxb4 Rh2 42. Rb7 Rxh4 43. Re7+ Kd4 44. Rxf7 Kc3 45. e5 Kd4 46. e6 h5 47. Rd7+ Ke5 48. e7 Rf4+ 49. Kg3 h4+ 50. Kh3 Rf3+ 51. Kxh4 Rf4+ 52. Kg3 1-0

[Event "IECC O email"]
[Site "IECC email"]
[Date "1998.11.26"]
[Round "?"]
[White "Hefton, Ryan"]
[Black "Spencer, Cecily"]
[Result "0-1"]
[WhiteElo "1400"]
[BlackElo "1309"]
[PlyCount "42"]
[EventDate "1998.??.??"]
[EventType "tourn (corr)"]
[EventRounds "6"]
[SourceTitle "Corr 2008"]
[Source "ChessBase"]
[SourceDate "2008.06.24"]
[SourceVersion "1"]
[SourceVersionDate "2008.06.24"]
[SourceQuality "1"]

1. e4 e5 2. Nf3 Nc6 3. Bb5 a6 4. Ba4 b5 5. Bb3 g5 6. d3 Nf6 7. Bxg5 h6 8. Bh4 d6 9. 0-0 Bg7 10. Nc3 Bb7 11. Nd5 Rg8 12. Nd2 Nd4 13. Nxf6+ Bxf6 14. Bxf6 Qxf6 15. c3 Nxb3 16. Nxb3 0-0-0 17. Na5 Qg6 18. g3 f5 19. exf5 Qxf5 20. d4 Bf3 21. Qb1 Qh3 0-1

[Event "IECC KO email"]
[Site "IECC email"]
[Date "1998.11.15"]
[Round "1"]
[White "Jobe, Tom B"]
[Black "Spencer, Cecily"]
[Result "0-1"]
[WhiteElo "1635"]
[BlackElo "1355"]
[PlyCount "42"]
[EventDate "1998.??.??"]
[EventType "tourn (corr)"]
[EventRounds "6"]
[SourceTitle "Corr 2008"]
[Source "ChessBase"]
[SourceDate "2008.06.24"]
[SourceVersion "1"]
[SourceVersionDate "2008.06.24"]
[SourceQuality "1"]

1. e4 e5 2. Nf3 Nf6 3. Nxe5 d6 4. Nf3 Nxe4 5. d4 d5 6. Bd3 Bd6 7. c4 Bb4+ 8. Nbd2 0-0 9. 0-0 Nf6 10. a3 Be7 11. b4 Re8 12. Qc2 h6 13. Ne5 Nbd7 14. Ndf3 Bd6 15. Bb2 a5 16. c5 Be7 17. Rfe1 axb4 18. axb4 Rxa1 19. Rxa1 c6 20. Bc1 Nxe5 21. Bb5 Nxf3+ 0-1